000 01191nam a2200265 i 4500
001 bg
245 0 0 _aSymulacja systemów gospodarczych.
_nCz. 2 /
_c[red. nauk. Alicja Balcerak, Witold Kwaśnicki].
260 _aWrocław :
_bOficyna Wydawnicza PW,
_c2004.
300 _a331 s. :
_brys., wykr. ;
_c24 cm.
490 1 _aPrace Naukowe Instytutu Organizacji i Zarządzania Politechniki Wrocławskiej. Studia i Materiały =
_aScientific Papers of the Institut of Industrial Engineering and Management of the Wrocław University of Technology. Studies and Researches,
_x0324-9468 ;
_v17
500 _aTyt. równol.: Simulation of economic systems. Nr serii gł.: 75.
504 _aBibliogr. przy rozdz.
650 9 _aGry kierownicze
650 9 _aSymulacja
_xstosowanie
_xgospodarka
650 9 _aSymulacja
_xstosowanie
_xzarządzanie
700 1 _aBALCERAK, Alicja.
_eRed.
700 1 _aKWAŚNICKI, Witold.
_eRed.
830 0 _aPrace Naukowe Instytutu Organizacji i Zarządzania Politechniki Wrocławskiej.
_pStudia i Materiały ;
_v17
015 _aPB 6092/2005
040 _cBPK
041 0 _apol
080 _a65.012:004.94
942 _cKS
008 s pl f |000 0 pol
999 _c46685
_d46685
856 _uhttp://koha.tu.koszalin.pl/cgi-bin/koha/opac-detail.pl?biblionumber=46685
_yKatalog online BPK